Infection in surgical practice (Record no. 46803)

MARC details
000 -LEADER
fixed length control field 00533nam a2200145 a 4500
008 - FIXED-LENGTH DATA ELEMENTS--GENERAL INFORMATION
fixed length control field 120416s0000 ||||||||||||||||| || u
020 ## - INTERNATIONAL STANDARD BOOK NUMBER
International Standard Book Number 0192620231
050 ## - LIBRARY OF CONGRESS CALL NUMBER
Classification number RD 98.3 Inf
100 ## - MAIN ENTRY--PERSONAL NAME
Personal name Taylor, Eric W
245 10 - TITLE STATEMENT
Title Infection in surgical practice
Statement of responsibility, etc. edited by Eric W. Taylor
260 ## - PUBLICATION, DISTRIBUTION, ETC.
Place of publication, distribution, etc. Oxford
Name of publisher, distributor, etc. OUP
Date of publication, distribution, etc. 1992
300 ## - PHYSICAL DESCRIPTION
Extent xiv, 318p. : ill.
350 ## - PRICE (NR) (BK AM CF MU VM SE) [OBSOLETE]
Price 0.00
995 ## - RECOMMENDATION 995 [LOCAL, UNIMARC FRANCE]
-- 0.00
-- CBU-MAIN LIBRARY (Kitwe)
-- 1
-- 60.00
-- 1
-- AVAILABLE
-- Apr 20, 2007
-- Main Library Open Access Collection
Holdings
Withdrawn status Lost status Source of classification or shelving scheme Damaged status Not for loan Home library Current library Shelving location Date acquired Total Checkouts Full call number Barcode Date last seen Price effective from Koha item type
          CBU-MAIN LIBRARY, KITWE. CBU-MAIN LIBRARY, KITWE.   11/30/2022   RD 98.3 Inf 025983 11/30/2022 11/30/2022 MONOGRAPH